| 000 | nam a22 7a 4500 | ||
|---|---|---|---|
| 999 |
_c127403 _d127403 |
||
| 008 | 180116b xxu||||| |||| 00| 0 eng d | ||
| 050 | _aBX1970.A1 I6 | ||
| 245 |
_aLiturgie en mission _cInternational study week on mission |
||
| 260 |
_aLouvain _bDesclee de Brouwer _c1964 |
||
| 300 |
_a287p. ; _c23cm. |
||
| 440 |
_aMuseum lessianum-Section missiologique _n44 _938494 |
||
| 650 |
_aCatholic church _xLiturgy _xCongresses _938495 |
||
| 650 |
_aCatholic church _xMissions _xCongresses _938496 |
||
| 942 |
_2lcc _cMONOGRAPH |
||